The sun shines bright /

Bibliographic Details
Main Author: Asimov, Isaac, 1920-1992
Format: Book
Language:English
Published: Garden City, N.Y. : Doubleday, 1981.
Edition:1st ed.
Subjects:

MARC

Tag First Indicator Second Indicator Subfields
LEADER 00000pam a2200000 a 4500
001 in00000088362
005 20151008063147.0
008 810218s1981 nyu 00010 eng
010 |a  80002039  
020 |a 0385171455 :  |c $13.95 
035 |a (OCoLC)07272016 
035 |9 AAK1705AM 
039 0 |a 2  |b 3  |c 3  |d 3  |e 3 
040 |a DLC  |c DLC  |d TXA  |d UtOrBLW 
049 |a TXAM  |c [387523] 
050 0 0 |a QB51  |b .A79 
082 0 |a 523  |2 19 
100 1 |a Asimov, Isaac,  |d 1920-1992. 
245 1 4 |a The sun shines bright /  |c Isaac Asimov. 
250 |a 1st ed. 
264 1 |a Garden City, N.Y. :  |b Doubleday,  |c 1981. 
300 |a xii, 250 pages ;  |c 22 cm. 
336 |a text  |b txt  |2 rdacontent 
337 |a unmediated  |b n  |2 rdamedia 
338 |a volume  |b nc  |2 rdacarrier 
500 |a Revised and updated essays selected from the Magazine of fantasy and science fiction, March 1979-July 1980. 
650 0 |a Astronomy. 
650 0 |a Science. 
999 |a MARS 
999 f f |s 2edf6732-c35b-30e4-997f-458d0ac94de6  |i 327d9e30-f4be-331d-89f2-fa38270d0964  |t 0 
952 f f |p normal  |a Texas A&M University  |b College Station  |c Sterling C. Evans Library  |d Evans: Library Stacks  |t 0  |e QB51 .A79  |h Library of Congress classification  |i unmediated -- volume  |m A14806206376 
952 f f |p noncirc  |a Texas A&M University  |b College Station  |c Cushing Memorial Library & Archives  |d Cushing: Science Fiction (Does not check out)  |t 0  |e QB51 .A79 1981  |h Library of Congress classification  |i unmediated -- volume 
998 f f |a QB51 .A79 1981  |t 0  |l Cushing: Science Fiction (Does not check out) 
998 f f |a QB51 .A79  |t 0  |l Evans: Library Stacks